000 00386cam a22001337a 4500
008 180718b2004 xxu||||| |||| 00| 0 eng d
020 _a0195669800
082 _aA99/T129 D26
100 _aDas Gupta, Uma
245 _aRabindranath Tagore: a biography
_cby Uma Das Gupta
260 _aNew Delhi
_bOxford Univ. Press
_c2004
300 _a104p.
650 _aTagore, Rabindranath - Biography
999 _c403087
_d403087